000 00427nam a2200181Ia 4500
008 230524s9999 xx 000 0 und d
020 _a9788120328174
082 _a5.133
_bMAL
100 _aZe-Nian Li
245 0 _aFundamentals of Multimedia
250 _a3RD
260 _aNEW DELHI
_bPHI
_c2010
300 _aXII;22.15
500 _aQuantity Number: 5
650 _aComp-Sc
700 _a Mark S. Drew
942 _cBK
999 _c49361
_d49361